Statistics for Latest Countries to Be Eliminated before 2018 FIFA World Cup by Confederation

Click here to take the quiz!

General Stats

  • This quiz has been taken 154 times
  • The average score is 19 of 30

Answer Stats

ContinentKick-off Time of the Last Match before EliminatedCountry% Correct
UEFA13 November 2017 19:45 UTCItaly
86%
OFC16 November 2017 02:15 UTCNew Zealand
85%
CONMEBOL10 October 2017 23:30 UTCChile
83%
CONCACAF11 October 2017 00:00 UTCUnited States
83%
CONMEBOL5 October 2017 23:30 UTCEcuador
81%
CONMEBOL10 October 2017 23:30 UTCParaguay
81%
CONCACAF15 November 2017 09:00 UTCHonduras
77%
CONMEBOL28 March 2017 22:00 UTCVenezuela
77%
CONMEBOL31 August 2017 23:00 UTCBolivia
76%
UEFA14 November 2017 19:45 UTCRepublic of Ireland
76%
AFC5 September 2017 15:00 UTCChina PR
73%
OFC28 March 2017 06:35 UTCNew Caledonia / Fiji
73%
UEFA10 October 2017 18:45 UTCNetherlands
71%
CAF11 November 2017 17:30 UTCCôte d'Ivoire
69%
CONCACAF7 September 2016 02:00 UTCCanada
68%
CONCACAF6 September 2017 02:05 UTCTrinidad and Tobago
65%
UEFA12 November 2017 19:45 UTCGreece
64%
UEFA12 November 2017 17:00 UTCNorthern Ireland
61%
CAF10 November 2017 17:00 UTCSouth Africa
61%
CAF11 November 2017 17:30 UTCCongo DR
59%
AFC31 August 2017 12:00 UTCQatar
56%
AFC10 November 2017 09:00 UTCSyria
56%
CONCACAF3 September 2016 02:06 UTCEl Salvador
55%
OFC13 June 2017 07:00 UTCPapua New Guinea
55%
OFC5 September 2017 03:00 UTCSolomon Islands
52%
AFC5 September 2017 14:00 UTCUnited Arab Emirates
49%
OFC13 June 2017 07:00 UTCTahiti
47%
AFC5 September 2017 15:00 UTCUzbekistan
44%
CAF10 November 2017 17:00 UTCBurkina Faso
38%
CAF10 November 2017 17:00 UTCCape Verde Islands
23%

Score Distribution

Percentile by Number Answered

Percent of People with Each Score

Your Score History

You have not taken this quiz